Normal view MARC view

Entry Topical Term

Number of records used in: 1

001 - CONTROL NUMBER

  • control field: 726929

003 - CONTROL NUMBER IDENTIFIER

  • control field: OSt

005 - DATE AND TIME OF LATEST TRANSACTION

  • control field: 20241129110025.0

008 - FIXED-LENGTH DATA ELEMENTS

  • fixed length control field: 241129|| aca||aabn | a|a d

040 ## - CATALOGING SOURCE

  • Original cataloging agency: OSt
  • Transcribing agency: OSt

150 ## - HEADING--TOPICAL TERM

  • Topical term or geographic name entry element: America-HistoryArcheology

670 ## - SOURCE DATA FOUND

  • Source citation: Work cat.: (OSt)1227035: Neumann Thomas W. Au.; Sanford Robert M. Au.; Neumann Mary Spink Au. 726928, Practicing archaeology: a manual for cultural resurces archaeology, 2023
Copyright @ Delhi University Library System